Prueba del Real Madrid - Estadísticas

Estadísticas generales
  • Esta prueba ha sido intentada 4.856 veces
  • La puntuación promedio es 13 de 20
Estadísticas de respuestas
Pregunta Respuesta % Correcto
¿De qué color es su mítica camiseta? Blanco
100%
¿Cuántas Champions tienen? 15
98%
¿Quién es el máximo goleador de la historia del club? Cristiano Ronaldo
98%
¿Cómo se llama su estadio actual? Santiago Bernabéu
98%
¿Contra qué equipo juega "El clásico"? Barcelona
95%
Y, ¿Quién es el presidente actual? Florentino Pérez
92%
¿A qué club se transfirió Cristiano Ronaldo en 2018? Juventus
84%
¿Cuál fue el apodo que recibió el equipo de superestrellas internacionales formado por el Real Madrid en la década de 2000? Los {Galácticos}
80%
¿Quién es el fichaje récord del Real Madrid, procedente del Chelsea por 115 millones de Euros en 2019? Eden Hazard
78%
¿Quién es el jugador con más partidos oficiales disputados? Raúl González
72%
¿Quién fue el primer jugador del Real Madrid en ganar el Balón de Oro, recogiendo el galardón en 1957 y 1959? Alfredo Di Stéfano
68%
¿Quién es el jugador con más títulos del Real Madrid? Marcelo
56%
¿Contra que equipos jugó el Real Madrid la final, semifinal y cuartos de final de la Champions 23/24? Bayern Munich
46%
¿Qué jugador ha marcado un total de 12 goles en la campaña de la Copa de Europa 1959-60? Ferenc Puskás
44%
¿Cuál es el segundo fichaje más caro de la historia del club blanco? Jude Bellingham
38%
¿Contra que equipos jugó el Real Madrid la final, semifinal y cuartos de final de la Champions 23/24? Borussia Dortmund
37%
¿Contra que equipos jugó el Real Madrid la final, semifinal y cuartos de final de la Champions 23/24? Manchester City
36%
¿Contra qué equipo ganó su último mundial de clubes en 2023? Al-Hilal
26%
¿Quién fue el primer presidente del Real Madrid? Julián Palacios
8%
¿Cómo se llamaba el primer campo de fútbol donde disputó sus encuentros el equipo merengue? Estadio de O'donnell
6%
No se encontraron pruebas coincidentes
Distribución de puntuación
Porcentaje de gente con cada puntuación
Porcentaje por número respondido
Historial de tus puntuaciones
No has intentado esta prueba.